Statistics for French Names in English

Click here to take the quiz!

General Stats

  • This quiz has been taken 104 times
  • The average score is 25 of 40

Answer Stats

French English % Correct
MarieMary
91%
VéroniqueVeronica
89%
ThérèseTheresa
89%
HélèneHelen
89%
LucLuke
89%
MoniqueMonica
89%
AvrilApril
88%
MichelMichael
88%
OlivieOlivia
88%
PatricePatrick
87%
AmélieAmelia
86%
AntoineAnthony
85%
FrançoisFrancis
85%
AlainAlan
85%
PierrePeter
82%
AndréAndrew
81%
GeoffroyJeffrey
81%
TiphaineTiffany
79%
LaureLaura
78%
MargotMargaret
72%
NoémieNaomi
71%
Yann*John
66%
LaurentLawrence
65%
FrançoiseFrances
65%
GuillaumeWilliam
61%
JacquesJames
53%
BarthélémyBartholomew
52%
CarineKaren
52%
ChristelleChristine
51%
AngelineAngela
48%
HervéHarvey
39%
IsabelleElisabeth
38%
RaoulRalph
29%
ÉtienneSteven
29%
BenoîtBenedict
22%
ÉlieElijah
21%
InèsAgnes
15%
AurélieAudrey
8%
ColineNicole
4%
ThierryDerek
1%

Score Distribution

Percentile by Number Answered

Percent of People with Each Score

Your Score History

You have not taken this quiz